[Event "Michigan Senior"]
[Site "Flint"]
[Date "2004.06.13"]
[Round "3"]
[White "Gregg, Alan Michael"]
[Black "Jarosz, Stan"]
[Result "1/2-1/2"]
[WhiteElo "2013"]
[BlackElo "1999"]
[PlyCount "135"]
[EventDate "2004.06.12"]
[EventType "swiss"]
[EventRounds "4"]
[EventCountry "USA"]
[Source "ChessBase"]
[SourceDate "2007.11.25"]

1. Nf3 d5 2. d4 Nf6 3. Bf4 c5 4. e3 cxd4 5. exd4 Nc6 6. c3 Bg4 7. Be2 e6 8. h3
Bxf3 9. Bxf3 Bd6 10. Bxd6 Qxd6 11. O-O O-O 12. Nd2 b5 13. a3 a5 14. Qe2 b4 15.
axb4 axb4 16. Rfc1 bxc3 17. bxc3 Ra3 18. Rxa3 Qxa3 19. Rc2 Rc8 20. Nf1 g6 21.
Ne3 Na5 22. Nd1 Nc4 23. g3 Rb8 24. Ra2 Qc1 25. Qc2 Rb1 26. Kg2 Ne4 27. Qxc1
Rxc1 28. Bxe4 dxe4 29. Ra8+ Kg7 30. Ne3 Rxc3 31. Nxc4 Rxc4 32. Rd8 Rc2 33. Kf1
Rd2 34. Ke1 Rd3 35. Ke2 h5 36. h4 Kf6 37. Rd7 Kg7 38. Rd8 f5 39. Re8 Kf7 40.
Rd8 e5 41. d5 f4 42. gxf4 exf4 43. Rd6 f3+ 44. Ke1 e3 45. fxe3 Rxe3+ 46. Kf2
Re4 47. Kxf3 Rxh4 48. Re6 Rd4 49. Rd6 h4 50. Kg2 Rd3 51. Rd7+ Kf6 52. d6 Kf5
53. Rf7+ Kg4 54. d7 Rd2+ 55. Kf1 h3 56. Ke1 Rd5 57. Kf2 g5 58. Rh7 Rd6 59. Re7
Rd2+ 60. Ke1 Rd4 61. Kf2 h2 62. Kg2 Rd2+ 63. Kh1 Kg3 64. Re3+ Kf4 65. Re2 Rxd7
66. Kxh2 Kf3 67. Ra2 Rd3 68. Rg2 1/2-1/2

[Event "Michigan Senior"]
[Site "Flint"]
[Date "2004.06.13"]
[Round "4"]
[White "Steen, Harold"]
[Black "Gregg, Alan Michael"]
[Result "1-0"]
[WhiteElo "1665"]
[BlackElo "2013"]
[PlyCount "71"]
[EventDate "2004.06.12"]
[EventType "swiss"]
[EventRounds "4"]
[EventCountry "USA"]
[Source "ChessBase"]
[SourceDate "2007.11.25"]

1. d4 d5 2. Nf3 Nf6 3. Bg5 Bf5 4. c3 c6 5. e3 Nbd7 6. Nbd2 e6 7. h3 Be7 8. Nh4
Ne4 9. Nxf5 exf5 10. Bf4 Ndf6 11. Nf3 h6 12. Qb3 Qb6 13. Ne5 Qxb3 14. axb3 Nd7
15. c4 Bb4+ 16. Ke2 Nxe5 17. Bxe5 f6 18. Bh2 O-O 19. f3 Ng5 20. Kf2 Nf7 21. Bd3
g6 22. Rac1 Rad8 23. Rc2 Bd6 24. f4 Bb8 25. Rhc1 Kg7 26. b4 a6 27. c5 Rfe8 28.
Re1 Rd7 29. Rce2 Rde7 30. g4 fxg4 31. hxg4 g5 32. Kf3 Nd8 33. fxg5 hxg5 34.
Bxb8 Ne6 35. Bd6 Rf7 36. Rh1 1-0

[Event "Michigan Senior"]
[Site "Flint"]
[Date "2004.06.12"]
[Round "2"]
[White "Bailey, Greg"]
[Black "Gregg, Alan Michael"]
[Result "0-1"]
[WhiteElo "1908"]
[BlackElo "2013"]
[PlyCount "90"]
[EventDate "2004.06.12"]
[EventType "swiss"]
[EventRounds "4"]
[EventCountry "USA"]
[Source "ChessBase"]
[SourceDate "2007.11.25"]

1. f4 Nf6 2. Nf3 c5 3. g3 Nc6 4. Bg2 d6 5. d3 e6 6. e4 Be7 7. O-O O-O 8. Qe1 e5
9. Nbd2 exf4 10. gxf4 Nb4 11. Qd1 Ng4 12. Nc4 b5 13. Ne3 Nxe3 14. Bxe3 Bg4 15.
c3 Nc6 16. d4 Rc8 17. d5 Nb8 18. Qd3 a6 19. e5 g6 20. Rad1 Nd7 21. exd6 Bxd6
22. c4 Bf5 23. Qc3 Re8 24. Bc1 Bf8 25. Ne5 b4 26. Qg3 Bg7 27. Rfe1 Qf6 28. Nf3
h5 29. Qg5 Rcd8 30. Kf2 Kf8 31. Ne5 Qxg5 32. Nxd7+ Bxd7 33. Rxe8+ Rxe8 34. fxg5
Bd4+ 35. Kf1 Bf5 36. Bf4 Rd8 37. b3 Ke8 38. Bc7 Rc8 39. d6 Kd7 40. Bb7 Bh3+ 41.
Bg2 Bf5 42. h4 Re8 43. Rd2 Re5 44. Rd1 Bg4 45. Rb1 Be2+ 0-1

[Event "Michigan Senior"]
[Site "Flint"]
[Date "2004.06.12"]
[Round "1"]
[White "Gregg, Alan Michael"]
[Black "Brown, Ralph"]
[Result "1-0"]
[WhiteElo "2013"]
[BlackElo "1654"]
[PlyCount "45"]
[EventDate "2004.06.12"]
[EventType "swiss"]
[EventRounds "4"]
[EventCountry "USA"]
[Source "ChessBase"]
[SourceDate "2007.11.25"]

1. e4 e5 2. Nf3 d6 3. Be2 h6 4. d4 Bg4 5. O-O exd4 6. Nxd4 Bxe2 7. Qxe2 Nd7 8.
Nc3 c6 9. Be3 Ne7 10. Rad1 Qc7 11. Ndb5 Qb8 12. Nxd6+ Kd8 13. Nxf7+ Ke8 14.
Nxh8 Nf6 15. Qc4 Ned5 16. exd5 Bd6 17. dxc6 Bxh2+ 18. Kh1 Qc7 19. Qe6+ Qe7 20.
Qxe7+ Kxe7 21. Ng6+ Kf7 22. cxb7 Re8 23. Kxh2 1-0

[Event "Sutton op"]
[Site "Sutton"]
[Date "1999.??.??"]
[Round "2"]
[White "Gregg, Alan Michael"]
[Black "Buckley, Graeme"]
[Result "0-1"]
[WhiteElo "2145"]
[BlackElo "2285"]
[PlyCount "90"]
[EventDate "1999.??.??"]
[EventType "swiss"]
[EventRounds "7"]
[EventCountry "ENG"]
[Source "ChessBase"]
[SourceDate "1999.11.16"]

1. e4 c5 2. Nf3 e6 3. Nc3 d6 4. d4 cxd4 5. Nxd4 Nf6 6. Be2 Be7 7. O-O Nc6 8.
Be3 O-O 9. Kh1 e5 10. Nxc6 bxc6 11. f4 Rb8 12. b3 Qa5 13. Qe1 Kh8 14. a3 Rd8
15. Bd2 Qc7 16. Bf3 Be6 17. Ne2 Re8 18. Bc3 Bc8 19. Qg3 Bf8 20. Qg5 Ba6 21.
Rfe1 Nd7 22. f5 Nf6 23. Ng3 d5 24. Nh5 Nxh5 25. Bxh5 d4 26. Bd2 c5 27. f6 g6
28. Be2 Bxe2 29. Rxe2 c4 30. Bb4 cxb3 31. cxb3 Bxb4 32. axb4 Rxb4 33. Qh6 Rg8
34. Rc1 Qb6 35. Qg5 Rxb3 36. Qxe5 d3 37. Rd2 Qe3 38. Rdd1 d2 39. Ra1 Rc3 40. h3
Rc1 41. Kh2 h5 42. Qb2 Rgc8 43. e5 Rxa1 44. Rxd2 h4 45. Qxa1 Qf4+ 0-1

[Event "Sutton op"]
[Site "Sutton"]
[Date "1997.??.??"]
[Round "?"]
[White "Gregg, Alan Michael"]
[Black "Dishman, Stephen"]
[Result "0-1"]
[WhiteElo "2150"]
[BlackElo "2300"]
[PlyCount "82"]
[EventDate "1997.??.??"]
[EventType "swiss"]
[EventRounds "9"]
[EventCountry "ENG"]
[Source "ChessBase"]
[SourceDate "1999.11.16"]

1. e4 d6 2. Nf3 Nf6 3. Nc3 e5 4. Be2 Be7 5. O-O O-O 6. d4 Nbd7 7. h3 c6 8. Be3
b5 9. Bd3 a6 10. Ne2 Re8 11. Ng3 Bf8 12. dxe5 dxe5 13. c3 g6 14. Bc2 h6 15. Qd2
Kh7 16. Rad1 Qc7 17. a4 Nb6 18. Bxb6 Qxb6 19. axb5 cxb5 20. Bb3 Be6 21. Bxe6
Qxe6 22. Qe2 Rac8 23. Rd3 a5 24. Ra1 a4 25. Nd2 Ra8 26. Rf3 Reb8 27. Ndf1 Kg7
28. Rd1 b4 29. c4 a3 30. b3 Bc5 31. Ra1 Rd8 32. Ne3 Bxe3 33. Rxe3 Qd6 34. Nf1
Qd4 35. Qe1 Ra6 36. Ra2 Qc5 37. Kh2 Rad6 38. Qe2 Qd4 39. Nd2 Qxd2 40. Rxd2 Rxd2
41. Qe1 Rd1 0-1

[Event "Guernsey op"]
[Site "Guernsey"]
[Date "1996.??.??"]
[Round "?"]
[White "Lee, Graham D"]
[Black "Gregg, Alan Michael"]
[Result "1/2-1/2"]
[WhiteElo "2355"]
[BlackElo "2150"]
[PlyCount "121"]
[EventDate "1996.10.??"]
[EventType "swiss"]
[EventRounds "7"]
[EventCountry "GCI"]
[Source "ChessBase"]
[SourceDate "2005.11.24"]

1. e4 c5 2. c3 d5 3. exd5 Qxd5 4. d4 Nf6 5. Nf3 e6 6. Bd3 Nc6 7. O-O cxd4 8.
cxd4 a6 9. Nc3 Qd8 10. a3 Be7 11. Bc2 b5 12. Bg5 Nd5 13. Ne4 h6 14. Bxe7 Ncxe7
15. Ne5 Nf6 16. Nxf6+ gxf6 17. Ng4 Nd5 18. Qd2 h5 19. Ne3 Bb7 20. Rfe1 Nxe3 21.
Rxe3 Rg8 22. f3 Bd5 23. a4 h4 24. Be4 h3 25. g3 Bxe4 26. fxe4 Rg5 27. Rf3 Rc8
28. axb5 axb5 29. Qf2 Rg6 30. Rc3 b4 31. Rxc8 Qxc8 32. d5 exd5 33. exd5 Kf8 34.
d6 f5 35. Qd4 Qc6 36. Qh8+ Rg8 37. Qh6+ Rg7 38. Qxh3 Qc5+ 39. Kh1 Qd5+ 40. Qg2
Qxg2+ 41. Kxg2 Ke8 42. Rd1 f4 43. Kf3 fxg3 44. hxg3 Kd7 45. Kf4 Rg6 46. Rd4 b3
47. g4 Rf6+ 48. Ke5 Re6+ 49. Kd5 Re2 50. Rb4 Rd2+ 51. Ke5 Re2+ 52. Kf6 Rf2+ 53.
Kg7 Rxb2 54. Kxf7 Kxd6 55. g5 Kc5 56. Rb7 Rg2 57. g6 Kc4 58. g7 Kc3 59. Rc7+
Kd2 60. Rc6 Rxg7+ 61. Kxg7 1/2-1/2

[Event "Guernsey op 21st"]
[Site "Guernsey"]
[Date "1995.10.16"]
[Round "2"]
[White "Bellin, Robert"]
[Black "Gregg, Alan Michael"]
[Result "1-0"]
[WhiteElo "2405"]
[BlackElo "2125"]
[PlyCount "63"]
[EventDate "1995.10.15"]
[EventType "swiss"]
[EventRounds "7"]
[EventCountry "GCI"]
[Source "ChessBase"]
[SourceDate "2004.11.15"]

1. Nf3 d5 2. b3 Nf6 3. Bb2 e6 4. g3 Be7 5. Bg2 O-O 6. O-O c5 7. e3 Nc6 8. Qe2
Qc7 9. d4 b6 10. c4 Bb7 11. cxd5 exd5 12. Nc3 Rfd8 13. Rfd1 a6 14. Rac1 cxd4
15. Nxd4 Nxd4 16. Rxd4 Qb8 17. Rcd1 b5 18. Nxd5 Nxd5 19. Bxd5 Bxd5 20. Rxd5
Rxd5 21. Rxd5 Qb6 22. Qg4 Qg6 23. Qxg6 hxg6 24. Rd7 Bf6 25. Bd4 Rd8 26. Rxd8+
Bxd8 27. Kg2 g5 28. Kf3 Ba5 29. Ke4 f6 30. Kd5 f5 31. Ke6 g6 32. Kf6 1-0

[Event "Lloyds Bank op 18th"]
[Site "London"]
[Date "1994.??.??"]
[Round "2"]
[White "Barua, Dibyendu"]
[Black "Gregg, Alan Michael"]
[Result "1-0"]
[WhiteElo "2495"]
[BlackElo "2140"]
[PlyCount "47"]
[EventDate "1994.08.??"]
[EventType "swiss"]
[EventRounds "10"]
[EventCountry "ENG"]
[Source "ChessBase"]
[SourceDate "1999.11.16"]

1. e4 e5 2. Bc4 Nf6 3. d3 Be7 4. Nf3 d6 5. O-O O-O 6. Re1 c5 7. Nbd2 Nc6 8. Nf1
Rb8 9. a4 Qc7 10. c3 b6 11. Ng3 Nd8 12. Bb3 Be6 13. Bc2 Rc8 14. h3 Re8 15. Ng5
h6 16. Nxe6 fxe6 17. Bb3 Kh8 18. f4 exf4 19. Bxf4 g5 20. Be3 d5 21. Nh5 dxe4
22. dxe4 c4 23. Bc2 e5 24. Bxg5 1-0